|
|
|
|
| LEADER |
00000cam a22000004a 4500 |
| 001 |
musev2_96864 |
| 003 |
MdBmJHUP |
| 005 |
20230905053227.0 |
| 006 |
m o d |
| 007 |
cr||||||||nn|n |
| 008 |
130812r20131998gau o 00 0 eng d |
| 010 |
|
|
|z 2012034506
|
| 020 |
|
|
|a 9780820345789
|
| 020 |
|
|
|z 082034513X
|
| 020 |
|
|
|z 0820345784
|
| 020 |
|
|
|z 9780820345130
|
| 040 |
|
|
|a MdBmJHUP
|c MdBmJHUP
|
| 100 |
1 |
|
|a Dupree, Nathalie.
|
| 240 |
1 |
0 |
|a Comfortable entertaining
|
| 245 |
1 |
0 |
|a Nathalie Dupree's Comfortable Entertaining :
|b At Home with Ease and Grace
|
| 264 |
|
1 |
|a Athens :
|b The University of Georgia Press,
|c 2013.
|
| 264 |
|
3 |
|a Baltimore, Md. :
|b Project MUSE,
|c 0000
|
| 264 |
|
4 |
|c ©2013.
|
| 300 |
|
|
|a 1 online resource.
|
| 336 |
|
|
|a text
|b txt
|2 rdacontent
|
| 337 |
|
|
|a computer
|b c
|2 rdamedia
|
| 338 |
|
|
|a online resource
|b cr
|2 rdacarrier
|
| 500 |
|
|
|a Includes index.
|
| 500 |
|
|
|a Originally published: New York : Viking, 1998.
|
| 520 |
|
|
|a In Comfortable Entertaining, Nathalie Dupree has written the book that gives us permission-at long last-to entertain in a less-than-perfect world. A much-loved cookbook and television personality, Dupree has thrown parties on rooftops and in tiny apartments, planned galas for hundreds, and put on last-minute get-togethers. Comfortable Entertaining is the book that shows us how to do what Dupree does best-create spontaneous hospitality and great food. This full-range cookbook and entertaining guide features twenty-six full menus, from holiday classics to an eye-popping formal dinner party for.
|
| 588 |
|
|
|a Description based on print version record.
|
| 650 |
|
7 |
|a Entertaining.
|2 fast
|0 (OCoLC)fst00912685
|
| 650 |
|
7 |
|a Cooking.
|2 fast
|0 (OCoLC)fst01754966
|
| 650 |
|
7 |
|a COOKING
|x Entertaining.
|2 bisacsh
|
| 650 |
|
7 |
|a COOKING
|x Tablesetting.
|2 bisacsh
|
| 650 |
|
0 |
|a Cooking.
|
| 650 |
|
0 |
|a Entertaining.
|
| 655 |
|
7 |
|a Electronic books.
|2 local
|
| 710 |
2 |
|
|a Project Muse.
|e distributor
|
| 830 |
|
0 |
|a Book collections on Project MUSE.
|
| 856 |
4 |
0 |
|z Texto completo
|u https://projectmuse.uam.elogim.com/book/96864/
|
| 945 |
|
|
|a Project MUSE - Custom Collection
|